The African lion

Bibliographic Details
Main Author: Green, Carl R
Format: Book
Published: Mankato : Crestwood House , 1987
Subjects:

MARC

LEADER 00000cam a2200000 7i4500
001 0000006020
002 000006507
005 20000330.0
020 |a 089686328X 
090 0 0 |a J599.74428   |b GRE 
100 1 |a Green, Carl R 
245 1 4 |a The African lion   |c Carl R.Green and william R. Sanford 
260 |a Mankato :   |b Crestwood House ,   |c 1987 
300 |a 47 p. :   |b ill ;   |c 21 cm. 
650 0 0 |a Lions   |x Juvenile literature 
999 |a 037848   |b BUKU   |c PINJAMAN   |e PERPUSTAKAAN KOMUNITI PETALING JAYA